| 000 | 00677 a2200217 4500 | ||
|---|---|---|---|
| 999 |
_c5075 _d5075 |
||
| 020 | _a0869256394 | ||
| 050 | _aPZ3 HAR 1985 | ||
| 100 |
_aHardy, Thomas _eauthor |
||
| 245 |
_aThe Mayor of Casterbridge / _cThomas Hardy, edited with introduction and notes by F. B. Pinion |
||
| 264 |
_aHarare : _bCollege Press, _c1985 |
||
| 300 | _a441p. : | ||
| 500 | _aFiction | ||
| 650 | _aFathers and daughters--Fiction. | ||
| 650 | _aRunaway husbands--Fiction. | ||
| 650 | _aMen--England--Fiction. | ||
| 650 | _aAtonement--Fiction. | ||
| 650 | _aMayors--Fiction. | ||
| 651 | _aEngland | ||
| 700 |
_aPinion, F. B. _eeditor with introduction and notes |
||
| 942 |
_2lcc _cBK _h3 _iHAR _kPZ |
||